000 00630cam a2200181 4500500
005 20260329005754.0
041 _afre
042 _adc
100 1 0 _aDegiovanni, Clara
_eauthor
245 0 0 _a“Rendre l’eau à la terre”, de Baptiste Morizot et Suzanne Husky : les histoires philosophiques du père castor
260 _c2024.
500 _a72
690 _aAnimal
690 _aBaptiste Morizot
690 _aFleuve
786 0 _nPhilosophie magazine | 185 | 12 | 2024-12-01 | p. 43-43 | 1951-1787
856 4 1 _uhttps://shs.cairn.info/magazine-philosophie-magazine-2024-12-page-43?lang=fr&redirect-ssocas=7080
999 _c1846477
_d1846477